000 00782nam a2200193Ii 4500
003 JO-AjNU
008 230605s9999||||xx |||||||||||||| ||und||
040 _aJO-AjNU
_bara
_erda
_cJO-AjNU
041 _aara
050 1 4 _aBP161.2.J3742 1900
100 3 _aالجسر، حسين ، تقديم وتحقيق: خالد زيادة,
_eauthor
_98630
245 0 0 _aالرسالة الحميدية في حقيقة الديانة الإسلامية وحقية الشريعة المحمدية
264 3 1 _aطرابلس: جروس-برس، المكتبة الحديثة، د.ت
300 _a354ص
336 _atext
_btxt
_2rdacontent
337 _aunmediated
_bn
_2rdamedia
338 _avolume
_bnc
_2rdacarrier
650 4 _aالاسلام- دفع مطاعن- السيرة النبوية
_98631
999 _aA887
_c4455
_d4455